Southernmost Cities & Towns by Category - Statistics

General Stats
  • This quiz has been taken 6 times
    2 since last reset
  • The average score is 3 of 8
Answer Stats
Category Hint Answer % Correct
Capital City New Zealand Wellington
100%
Any Settlement Antarctica Amundsen–Scott South Pole Station
50%
>10,000,000 Argentina Buenos Aires
50%
1-9,999,999 Australia Melbourne
50%
1-99,999 Argentina Ushuaia
50%
<1000 Antarctica Esperanza Base
0%
1-9,999 Chile Puerto Williams
0%
1-999,999 Chile Punta Arenas
0%
No matching quizzes found
Score Distribution
Percent of People with Each Score
Percentile by Number Answered
Your Score History
You have not taken this quiz since the last reset